Zodpovednosť správcov spoločnosti je nezastupiteľná

Rozhovor s F. Okruhlicom z Ekonomickej univerzity v Bratislave o princípoch Corporate Governance, systéme zodpovednosti manažmentu voči vlastníkom pri zohľadnení vzťahov s ďalšími záujmovými skupinami a o potrebe jeho aplikácie vo finančných i nefinančných inštitúciách. Princípy pre správu spoločno...

Descrizione completa

Salvato in:
Dettagli Bibliografici
Autore principale: Ješko, Vladimír
Altri autori: Okruhlica, František
Natura: Capitolo di libro
Lingua:slovacco
Soggetti:
Tags: Aggiungi Tag
Nessun Tag, puoi essere il primo ad aggiungerne!!

MARC

LEADER 00000naa$a2200000$$$4500
001 0019537
005 20231004123707.2
041 0 |a slo 
044 |a SK 
245 1 0 |a Zodpovednosť správcov spoločnosti je nezastupiteľná  |c Vladimír Ješko, František Okruhlica 
520 |a Rozhovor s F. Okruhlicom z Ekonomickej univerzity v Bratislave o princípoch Corporate Governance, systéme zodpovednosti manažmentu voči vlastníkom pri zohľadnení vzťahov s ďalšími záujmovými skupinami a o potrebe jeho aplikácie vo finančných i nefinančných inštitúciách. Princípy pre správu spoločností, ktoré vydala OECD v apríli 1999. Slovenská republika prijala Zjednotený kódex pre správu a riadenie spoločností ÚFT a INECO. Interakcia kódexu, zákonov v SR. Situácia na Slovensku pri zavádzaní kódexu v jednotlivých inštitúciách, kvalita výročných správ. 
610 2 0 |a kódexy etické 
610 2 0 |a správa podniku 
610 2 0 |a štandardy účtovné medzinárodné 
610 2 0 |a spoločnosti správcovské 
610 2 0 |a akcionári 
610 2 0 |a spoločnosti akciové 
610 2 0 |a správy výročné 
610 2 0 |a Slovensko 
610 2 0 |a rady dozorné 
610 2 0 |a rady správne 
100 1 |a Ješko, Vladimír 
700 1 |a Okruhlica, František